Представление документа в формате RUSMARC

ПолеНазваниеЗначение
  Тип записи a
  Библиографический уровень a
001 Контрольный номер RU/CBS_UL/BASE/666109779
005 Дата корректировки 20240209175258.2
100 Данные общей обработки __
a Данные общей обработки 20210208d2021 ||| 0rusy0189 ca
101 Язык документа 0_
a Язык текста rus
102 Страна публикации __
a Страна публикации RU
105 Кодированные данные (монография) __
a Кодированные данные (монография) y###||||000|y
181 Поле кодированных данных: вид содержания _1
a Код вида содержания (ISBD) i#
b Код характеристики содержания (ISBD) #xxe##
d i
g x
h x
i e
182 Поле кодированных данных: тип средства _1
a Код типа средства (ISBD) n
2 Код системы (источник кода, отличный от ISBD) isbdmedia
200 Заглавие и сведения об ответственности 1_
a Заглавие Измерить бездну! Как изучают океан?
b Общее обозначение материала Текст
e Сведения, относящиеся к заглавию [как, когда и чем измеряли морские глубины; с помощью чего измерили самое глубокое место на Земле - Мариинскую впадину в Тихом океане и когда на её дно опустился подводный аппарат "Витязь"]
f Первые сведения об ответственности М. Савинов
w Текст (визуальный) : непосредственный
203 Вид содержания и тип средства __
a Вид содержания Текст
b Характеристика содержания визуальный
c Тип средства непосредственный
333 Примечание о целевом назначении __
a Примечание о целевом назначении 6+
461 Уровень набора _0
1 2000
a Костер
463 Уровень физической единицы _0
1 001RU/CBS_UL/BASE/665855794
1 2000
a № 1
v С. 28
1 210
d 2021
606 Тематические рубрики 0_
a Основная рубрика Океанология
z Хронологическая подрубрика 1875 г.
606 Тематические рубрики 0_
y Географическая подрубрика Тихий океан, океан
z Хронологическая подрубрика 1951 г.
606 Тематические рубрики 0_
y Географическая подрубрика Мировой океан, океан
606 Тематические рубрики 0_
z Хронологическая подрубрика 2020 г.
610 Ключевые слова 0_
a Ключевые слова океанология
610 Ключевые слова 0_
a Ключевые слова измерение глубин
610 Ключевые слова 0_
a Ключевые слова лоты
610 Ключевые слова 0_
a Ключевые слова гидрографы
610 Ключевые слова 0_
a Ключевые слова эхолоты
610 Ключевые слова 0_
a Ключевые слова Марианская впадина
610 Ключевые слова 0_
a Ключевые слова Бездна Челленджера
610 Ключевые слова 0_
a Ключевые слова советские научно-исследовательские судна
610 Ключевые слова 0_
a Ключевые слова научно-исследовательское судно Витязь
610 Ключевые слова 0_
a Ключевые слова подводные аппараты
686 Индексы других классификаций __
a Классификационный индекс 26.221
2 Код системы rubbk
700 Автор _1
a Фамилия Савинов
b Имя (инициалы) М.
801 Источник записи _0
a Страна RU
b Организация МБУК ЦБС г. Ульяновска
c Дата составления 20210208
g Правила каталогизации RCR
801 Источник записи _1
a Страна RU
b Организация МБУК ЦБС г. Ульяновска
c Дата составления 20210208
g Правила каталогизации RCR
901 Тип документа __
t Тип документа b
w Контрольный № источника RU/CBS_UL/BASE/665855794
910 Корректоры записи __
a Корректор записи oibd3
938 Служебная информация __
a Имя БД period